header

Perspectives on Arabic Linguistics XX (Record no. 225566)

MARC details
000 -LEADER
fixed length control field 01692nam a2200337Ia 4500
245 00 - TITLE STATEMENT
Title Perspectives on Arabic Linguistics XX
260 ## - PUBLICATION, DISTRIBUTION, ETC. (IMPRINT)
Place of publication Amsterdam :
-- Philadelphia, PA :
Name of publisher John Benjamins Publishing Co,
Year of publication 2007.
300 ## - PHYSICAL DESCRIPTION
Number of Pages xii, 247 p. :
Other physical details ill.
490 1# - SERIES STATEMENT
Series statement Amsterdam studies in the theory and history of linguistic science. Series IV. Current issues in linguistic theory ;
650 #0 - SUBJECT ADDED ENTRY--TOPICAL TERM
Topical Term Arabic language
Topical Term Arabic language
Topical Term Arabic language
700 1# - ADDED ENTRY--PERSONAL NAME
Personal name Mughazy, Mustafa A.
856 40 - ELECTRONIC LOCATION AND ACCESS
Uniform Resource Identifier http://site.ebrary.com/lib/rucke/Doc?id=10206166

No items available.

© 2026 Rongo University
Contact us: librarian | system librarian | Rongo university